00440nam a22001577a 450000500170000000800410001702000150005804100130007308200160008610000130010224500390011525000190015426000590017330000250023265000250025720231123144446.0231123b |||||||| |||| 00| 0 eng d a0862102456 aEnglish  a341.48 AMN  lEnglish  aAmnesty International Report 1995  aFirst Edition  aLondon : bAmnesty International Publications, c1995  b353 pages ; c24 cm. aLegal practice bLaw